Romancero general (Record no. 6060)

MARC details
000 -CABECERA
campo de control de longitud fija 00802nam a2200205 a 4500
001 - NÚMERO DE CONTROL
campo de control BRCA_6374
005 - FECHA Y HORA DE LA ÚLTIMA TRANSACCIÓN
campo de control 20190320205430.0
008 - DATOS DE LONGITUD FIJA--INFORMACIÓN GENERAL
campo de control de longitud fija 260811s1904----nyu#######---#000-0#spa-#
041 ## - CÓDIGO DE LENGUA
Código de lengua del texto/banda sonora o título independiente spa
044 ## - CÓDIGO DEL PAÍS DE LA ENTIDAD EDITORA/PRODUCTORA
Código MARC del país nyu
050 #4 - SIGNATURA TOPOGRÁFICA DE LA BIBLIOTECA DEL CONGRESO
Número de clasificación PQ6183
Número de documento/Ítem .B00 1904
245 10 - MENCIÓN DE TÍTULO
Título Romancero general
Resto del título en qve se contienen todos los Romances que andan impressos en las nueue partes de Romanceros
Mención de responsabilidad, etc. Aora nvevamente impresso, añadido, y emendado
260 ## - PUBLICACIÓN, DISTRIBUCIÓN, ETC.
Lugar de publicación, distribución, etc. Nueva York
Nombre del editor, distribuidor, etc. De Vinne press
Fecha de publicación, distribución, etc. 1904
300 ## - DESCRIPCIÓN FÍSICA
Extensión 2 v.
Dimensiones 21 cm.
500 ## - NOTA GENERAL
Nota general Reproducción facsimilar de la primera edición (España,1600)
500 ## - NOTA GENERAL
Nota general This edition of two hundred was printed in facsimile from the copy in the library of Archer M. Huntington, at the De Vinne Press, nineteen hundred and three.
500 ## - NOTA GENERAL
Nota general K173
902 ## - CATALOGADOR
Iniciales GFM
942 ## - ELEMENTOS DE PUNTO DE ACCESO ADICIONAL (KOHA)
Fuente del sistema de clasificación o colocación Library of Congress Classification
Tipo de ítem Koha Libros
Holdings
Estado de retiro Estado de pérdida Estado dañado No para préstamo Localización permanente Ubicación/localización actual Fecha de adquisición Número de inventario Total de préstamos Signatura topográfica completa Código de barras Fecha visto por última vez Precio válido a partir de Tipo de ítem Koha
El ejemplar forma parte de la colección y puede ser consultado según las políticas vigentes.       Biblioteca del Museo Franz Mayer (Rogerio Casas-Alatriste) Biblioteca del Museo Franz Mayer (Rogerio Casas-Alatriste) 26/08/2011 K173   PQ6183 .B00 1904 (K173) 6821 22/03/2019 22/03/2019 Libros